Kde je jeho vrchol? Michael Schumacher a jeho éra

Bibliographic Details
Format: Article
Language:Slovak
PhysicalDescription:Fotogr.
ISSN:0139-7001
Subjects:

MARC

LEADER 00000nab a2200000 a 4500
001 vtls000766286
003 SK-MaSNL
005 20260302152921.0
008 180205c2001 xo 0 slo
015 |a SNBRB2001/09-24830 
035 |a CLN000118073 
040 |a SNKBUCL  |b slo  |c SNKBUCL  |e AACR2 
041 0 |a slo 
044 |a xo  |c SK 
080 |a 796.71.071  |2 UDC-MRF-SK2 
245 0 0 |a Kde je jeho vrchol?  |b Michael Schumacher a jeho éra 
300 |b Fotogr. 
600 1 7 |a Schumacher, Michael,  |d 1969-  |2 snkbucl  |9 131802 
655 7 |a články z novín a časopisov  |2 snkbucl  |9 267496 
773 0 |x 0139-7001  |t Šport  |g Roč. 55, č. 195 (23.8.2001), s. 24-25 
850 |a Slovenská národná knižnica v Martine 
852 |a SNK  |b KIS3GCP 
958 |a RBX 
999 |c 1363901  |d 1365831